| 000 | 00492 a2200157 4500 | ||
|---|---|---|---|
| 999 |
_c320924 _d320924 |
||
| 001 | 85851 | ||
| 003 | NUST | ||
| 005 | 20180121115334.0 | ||
| 008 | 180121b xxu||||| |||| 00| 0 eng d | ||
| 020 | _a9781555875855 | ||
| 082 | _a332.042 GOD | ||
| 100 |
_aC Roe Goddard ; John T Passé-Smith ; John G Conklin _99335 |
||
| 245 |
_aInternational political economy : state-market relations in the changing global order _hEnglish |
||
| 250 | _a1st | ||
| 260 |
_aBoulder _bLynne Rienner Pub _c1996 |
||
| 300 | _ax, 545 p. | ||
| 500 | _aGifted By AM Masood Akhtar | ||
| 942 |
_acaenust _cBK _k332.042 GOD _2ddc |
||